| 000 | 00844nam a2200217Ia 4500 | ||
|---|---|---|---|
| 999 |
_c44467 _d44467 |
||
| 001 | 11236 | ||
| 003 | GE_BSU | ||
| 005 | 20250514110137.0 | ||
| 008 | 181216s1974||||ge |||||||||||||| ||g || | ||
| 040 | _cGE_BSU | ||
| 041 | _ageo | ||
| 080 | _a54(075.32) კ-49 | ||
| 100 |
_aკიკვიძე, ბ. _925040 |
||
| 245 |
_aქიმია / _cავტ. ბ.კიკვიძე ვ. ცაგარეიშვილი, ნ. ჯაფარიძე; რედ: ვ. ვაჩეიშვილი. |
||
| 264 |
_aთბილისი: _bგანათლება, _c1974. |
||
| 300 |
_a228 გვ.: _bილ.; _c27 სმ. |
||
| 653 | _aქიმია | ||
| 700 |
_a ცაგარეიშვილი, ვ. _eავტორი _925041 |
||
| 700 |
_aჯაფარიძე, ნ. _eავტორი _925042 |
||
| 942 |
_cBK _2udc |
||